2012 NASCAR Sprint Cup Series Drivers - Statistics

General Stats
  • This quiz has been taken 180 times
  • The average score is 30 of 39
Answer Stats
Team Car # Driver % Correct
Joe Gibbs Racing 11 Denny Hamlin
98%
Phoenix Racing 51 Kurt Busch
98%
Joe Gibbs Racing 18 Kyle Busch
98%
Stewart-Haas Racing 14 Tony Stewart
97%
Hendrick Motorsports 24 Jeff Gordon
96%
Joe Gibbs Racing 20 Joey Logano
96%
Team Penske 2 Brad Keselowski
94%
Hendrick Motorsports 48 Jimmie Johnson
94%
Roush Fenway Racing 99 Carl Edwards
92%
Hendrick Motorsports 5 Kasey Kahne
92%
Michael Waltrip Racing 56 Martin Truex Jr
92%
Chip Ganassi Racing 1 Jamie McMurray
91%
Richard Childress Racing 29 Kevin Harvick
90%
Michael Waltrip Racing 15 Clint Bowyer
89%
Hendrick Motorsports 88 Dale Earnhardt Jr
89%
Roush Fenway Racing 17 Matt Kenseth
89%
Stewart-Haas Racing 39 Ryan Newman
89%
Stewart-Haas Racing 10* Danica Patrick
85%
Roush Fenway Racing 16 Greg Biffle
85%
Chip Ganassi Racing 42 Juan Pablo Montoya
80%
Richard Petty Motorsports 9 Marcos Ambrose
79%
Germain Racing 13 Casey Mears
76%
Richard Childress Racing 27 Paul Menard
76%
Wood Brothers Racing 21 Trevor Bayne
76%
Team Penske 22* AJ Allmendinger
74%
Richard Childress Racing 31 Jeff Burton
70%
Michael Waltrip Racing 55* Mark Martin
69%
Furniture Row Racing 78 Regan Smith
68%
Chip Ganassi Racing 43 Aric Almirola
67%
Michael Waltrip Racing 55* Brian Vickers
66%
Front Row Motorsports 34 David Ragan
66%
Front Row Motorsports 38 David Gilliland
65%
Team Penske 22* Sam Hornish Jr
59%
JTG Daugherty Racing 47 Bobby Labonte
55%
Tommy Baldwin Racing 36 Dave Blaney
50%
BK Racing 83 Landon Cassill
42%
Front Row Motorsports 26 Josh Wise
38%
Leavine Family Racing 95 Scott Speed
37%
Inception Motorsports 30 David Stremme
29%
No matching quizzes found
Score Distribution
Percent of People with Each Score
Percentile by Number Answered
Your Score History
You have not taken this quiz